MCQs in Pharmacy Practice (Record no. 5096)
[ view plain ]
| 000 -LEADER | |
|---|---|
| fixed length control field | 00547nam a22002057a 4500 |
| 003 - CONTROL NUMBER IDENTIFIER | |
| control field | OSt |
| 005 - DATE AND TIME OF LATEST TRANSACTION | |
| control field | 20260218020003.0 |
| 008 - FIXED-LENGTH DATA ELEMENTS--GENERAL INFORMATION | |
| fixed length control field | 160829b xxu||||| |||| 00| 0 eng d |
| 020 ## - INTERNATIONAL STANDARD BOOK NUMBER | |
| International Standard Book Number | 9780853698395 |
| 040 ## - CATALOGING SOURCE | |
| Transcribing agency | DMNL |
| 082 ## - DEWEY DECIMAL CLASSIFICATION NUMBER | |
| Classification number | QV18 P494l 2009 |
| 100 ## - MAIN ENTRY--PERSONAL NAME | |
| Personal name | Edited by Lilian, M. Azzopardi |
| 9 (RLIN) | 10925 |
| 245 ## - TITLE STATEMENT | |
| Title | MCQs in Pharmacy Practice |
| 250 ## - EDITION STATEMENT | |
| Edition statement | 2nd ed. |
| 260 ## - PUBLICATION, DISTRIBUTION, ETC. (IMPRINT) | |
| Place of publication, distribution, etc. | London; Pharmaceutical Press, 2009 |
| 300 ## - PHYSICAL DESCRIPTION | |
| Extent | xlii,417p; ill: 24cm |
| 504 ## - BIBLIOGRAPHY, ETC. NOTE | |
| Bibliography, etc | Appendice & indice included |
| 650 ## - SUBJECT ADDED ENTRY--TOPICAL TERM | |
| Topical term or geographic name as entry element | Pharmacy |
| 9 (RLIN) | 10926 |
| 942 ## - ADDED ENTRY ELEMENTS (KOHA) | |
| Source of classification or shelving scheme | Other/Generic Classification Scheme |
| Koha item type | Book Bank |
| Koha issues (borrowed), all copies | 1 |
| Withdrawn status | Lost status | Source of classification or shelving scheme | Damaged status | Not for loan | Home library | Current library | Date acquired | Source of acquisition | Inventory number | Total Checkouts | Full call number | Barcode | Date last seen | Koha item type | Date last checked out | Checked out | Price effective from |
|---|---|---|---|---|---|---|---|---|---|---|---|---|---|---|---|---|---|
| Other/Generic Classification Scheme | MUST Main Library | MUST Main Library | 29/08/2016 | 16/39650 | QV18 P494l 2009 | 2016-3853 | 29/08/2016 | Book Bank | |||||||||
| Other/Generic Classification Scheme | MUST Main Library | MUST Main Library | 29/08/2016 | 16/39651 | QV18 P494l 2009 | 2016-3854 | 29/08/2016 | Book Bank | |||||||||
| Other/Generic Classification Scheme | MUST Main Library | MUST Main Library | 29/08/2016 | 16/39652 | QV18 P494l 2009 | 2016-3855 | 29/08/2016 | Book Bank | |||||||||
| Other/Generic Classification Scheme | MUST Main Library | MUST Main Library | 29/08/2016 | 16/39653 | 1 | QV18 P494l 2009 | 2016-3856 | 17/05/2024 | Book Bank | 17/04/2024 | |||||||
| Other/Generic Classification Scheme | MUST Main Library | MUST Main Library | 29/08/2016 | 16/39654 | 2 | QV18 P494l 2009 | 2016-3857 | 17/02/2026 | Book Bank | 17/02/2026 | 30/04/2026 | ||||||
| Other/Generic Classification Scheme | MUST Main Library | MUST Main Library | 29/08/2016 | 16/39655 | 1 | QV18 P494l 2009 | 2016-3858 | 20/11/2025 | Book Bank | 25/08/2025 | |||||||
| Other/Generic Classification Scheme | MUST Main Library | MUST Main Library | 29/08/2016 | 16/39656 | QV18 P494l 2009 | 2016-3859 | 29/08/2016 | Book Bank | |||||||||
| Other/Generic Classification Scheme | MUST Main Library | MUST Main Library | 29/08/2016 | 16/39657 | QV18 P494l 2009 | 2016-3860 | 29/08/2016 | Book Bank | |||||||||
| Other/Generic Classification Scheme | MUST Main Library | MUST Main Library | 23/11/2017 | 17/40300 | QV18 P494l 2009 | 2017-0888 | 23/11/2017 | Short Loan | |||||||||
| Other/Generic Classification Scheme | MUST Main Library | MUST Main Library | 23/11/2017 | 17/40301 | QV18 P494l 2009 | 2017-0889 | 23/11/2017 | Short Loan | |||||||||
| Other/Generic Classification Scheme | MUST Main Library | MUST Main Library | 22/08/2022 | Purchase | 22/41821 | QV18 P494l 2009 | 2022-7920 | 22/08/2022 | Book Bank | 22/08/2022 | |||||||
| Other/Generic Classification Scheme | MUST Main Library | MUST Main Library | 22/08/2022 | Purchase | 22/4189 | QV18 P494l 2009 | 2022-7921 | 22/08/2022 | Book Bank | 22/08/2022 | |||||||
| Other/Generic Classification Scheme | MUST Main Library | MUST Main Library | 22/08/2022 | Purchase | 22/41820 | QV18 P494l 2009 | 2022-7922 | 22/08/2022 | Book Bank | 22/08/2022 | |||||||
| Other/Generic Classification Scheme | Pharmacy Department Library | Pharmacy Department Library | 20/03/2017 | 14/37441 | QV18 P494l 2009 | 2017-0411 | 20/03/2017 | Short Loan | |||||||||
| Other/Generic Classification Scheme | Pharmacy Department Library | Pharmacy Department Library | 20/03/2017 | 14/37442 | QV18 P494l 2009 | 2017-0412 | 20/03/2017 | Short Loan |
